Mathematical foundations of computer science, 1977 (Record no. 5929)

MARC details
000 -LEADER
fixed length control field 00785nam a2200205Ia 4500
003 - CONTROL NUMBER IDENTIFIER
control field IN-BaIIA
008 - FIXED-LENGTH DATA ELEMENTS--GENERAL INFORMATION
fixed length control field 211028s9999 xx 000 0 eng d
020 ## - INTERNATIONAL STANDARD BOOK NUMBER
International Standard Book Number 3-540-08353-7
040 ## - CATALOGING SOURCE
Transcribing agency IIA Library
080 ## - UNIVERSAL DECIMAL CLASSIFICATION NUMBER
Universal Decimal Classification number 519.68
Item number GRU
100 ## - MAIN ENTRY--PERSONAL NAME
Personal name Gruska, J
9 (RLIN) 10276
111 ## - MAIN ENTRY--MEETING NAME
Meeting name or jurisdiction name as entry element Symposium on Mathematical Foundations of Computer Science, 1977
Number of part/section/meeting 6th
Location of meeting Tatranska Lomnica
Date of meeting or treaty signing 1977 Sept. 5-9
9 (RLIN) 10277
245 #0 - TITLE STATEMENT
Title Mathematical foundations of computer science, 1977
Remainder of title proceedings of 6th symposium held in Tatranska Lomnica, September 5-9, 1977
Statement of responsibility, etc. J. Gruska
260 ## - PUBLICATION, DISTRIBUTION, ETC.
Place of publication, distribution, etc. Berlin
Name of publisher, distributor, etc. Springer-Verlag
Date of publication, distribution, etc. 1977
300 ## - PHYSICAL DESCRIPTION
Extent x, 595p.
650 ## - SUBJECT ADDED ENTRY--TOPICAL TERM
Topical term or geographic name entry element Computer programming
650 ## - SUBJECT ADDED ENTRY--TOPICAL TERM
Topical term or geographic name entry element Mathematical programming
9 (RLIN) 10278
650 ## - SUBJECT ADDED ENTRY--TOPICAL TERM
Topical term or geographic name entry element NASA thesaurus
942 ## - ADDED ENTRY ELEMENTS (KOHA)
Koha item type Books
Holdings
Withdrawn status Lost status Damaged status Not for loan Home library Current library Shelving location Date acquired Total Checkouts Full call number Barcode Date last seen Price effective from Koha item type Purchase Price
        IIA Library-Bangalore IIA Library-Bangalore General Stacks 18/08/1978   519.68/ GRU 6625 05/11/2021 18/08/1978 Books DM 40.00

Powered by Koha